True or False: Fairy Tail Quiz Stats

 Plays Quiz not verified by Sporcle

Support Sporcle.
Go Orange.
Score 0/16 Timer 03:00
0 Plays Today
Question T/F? % Correct
Zeref is known as an ugly demon ???
91.4%
Mavis was supposed to be a boy???
91%
Makarov was supposed to die ???
74.7%
Fairy Tail is planning to have a happy ending???
71.8%
Lucy was supposed to be a dragon slayer???
69.3%
Mashima forgot why Gray is called Gray???
68.3%
Wendy was supposed to be a Water Dragon Slayer???
67.3%
Natsu and Lucy, Gajeel and Levy and Mavis and Zeref all kiss???
61.5%
Question T/F? % Correct
All members of the origional Crime Sorcière have 6 letters???
59.9%
Happy's name was going to be Faith???
58.8%
Every arc, Jet and Droy change clothes???
55.1%
Jura loves pea's???
53.7%
Jellal said 'I love you' to Erza???
52.5%
Juvia likes rock music???
52.5%
Gray smokes???
50.8%
Ultear, Merudy and Juvia are voiced by the same person???
46.8%

You're not logged in!

Compare scores with friends on all Sporcle quizzes.
OR
Log In

From the Vault

Top 25 Grossing Franchises

by sultanofswing

Some of these movies really didn't need a sequel.
Remove Ads.
Support Sporcle.
Get the best of Sporcle when you Go Orange. This ad-free experience offers more features, more stats, and more fun while also helping to support Sporcle. Thank you for becoming a member.

Show Comments

Extras

Created Mar 4, 2016ReportNominate
Tags:Anime Quiz, Fairy Tale, Manga

Top Quizzes Today


Score Distribution

Your Account Isn't Verified!

In order to create a playlist on Sporcle, you need to verify the email address you used during registration. Go to your Sporcle Settings to finish the process.

Report this User

Report this user for behavior that violates our Community Guidelines.

Details: